Formy oceňovania poistných produktov

Cena pre majetkovo - záväzkový kontrakt (poistnú zmluvu) je stanovená vplyvom trhu. Trhová cena je ovplyvnená konkurenčnými firmami. Individuálna firma si cenu stanovuje tak, aby bol dosiahnutý zisk, alebo aby nebola stratová. V čase predaja poistných produktov nie je známe, kedy nastanú náhrady poi...

Descrizione completa

Salvato in:
Dettagli Bibliografici
Autore principale: Pinda, Ľudovít, 1958-
Altri autori: Fecenko, Jozef
Natura: Capitolo di libro
Lingua:slovacco
Soggetti:
Tags: Aggiungi Tag
Nessun Tag, puoi essere il primo ad aggiungerne!!

MARC

LEADER 00000naa$a2200000$$$4500
001 0095056
005 20240502072046.5
041 0 |a slo 
044 |a SK 
245 1 0 |a Formy oceňovania poistných produktov  |c Ľudovít Pinda, Jozef Fecenko 
520 |a Cena pre majetkovo - záväzkový kontrakt (poistnú zmluvu) je stanovená vplyvom trhu. Trhová cena je ovplyvnená konkurenčnými firmami. Individuálna firma si cenu stanovuje tak, aby bol dosiahnutý zisk, alebo aby nebola stratová. V čase predaja poistných produktov nie je známe, kedy nastanú náhrady poistných škôd. Aktuárska literatúra sa zameriava na konštrukciu nákladovej funkcie, čo je odhad rozdelenia súhrnných škôd. 
610 2 0 |a poisťovne 
610 2 0 |a poistenie 
610 2 0 |a ceny trhové 
610 2 0 |a oceňovanie 
610 2 0 |a rezervy finančné 
100 1 |a Pinda, Ľudovít, 1958- 
700 1 |a Fecenko, Jozef